assessment of the agricultural extension activities, kandal province (ការវាយតំលៃលើសកម្មភាពផ្សព្វផ្សាយកសិកម្មនៅក្នុងខេត្តកណ្តាល) (Record no. 4207)

000 -LEADER
fixed length control field 00607nam a22001577a 4500
003 - CONTROL NUMBER IDENTIFIER
control field OSt
005 - DATE AND TIME OF LATEST TRANSACTION
control field 20151208102227.0
008 - FIXED-LENGTH DATA ELEMENTS--GENERAL INFORMATION
fixed length control field 151208b xxu||||| |||| 00| 0 eng d
040 ## - CATALOGING SOURCE
Transcribing agency RUA
082 ## - DEWEY DECIMAL CLASSIFICATION NUMBER
Classification number ATM SVA 2004 B193 Or.1
100 ## - MAIN ENTRY--PERSONAL NAME
9 (RLIN) 4516
Personal name SVAY, PUTHEARA.
245 ## - TITLE STATEMENT
Title assessment of the agricultural extension activities, kandal province (ការវាយតំលៃលើសកម្មភាពផ្សព្វផ្សាយកសិកម្មនៅក្នុងខេត្តកណ្តាល)
260 ## - PUBLICATION, DISTRIBUTION, ETC. (IMPRINT)
Place of publication, distribution, etc. Phnom Penh
Name of publisher, distributor, etc. RUA
Date of publication, distribution, etc. 2004
300 ## - PHYSICAL DESCRIPTION
Extent viii, 54p.
Other physical details ill.
Accompanying material 29cm.
942 ## - ADDED ENTRY ELEMENTS (KOHA)
Source of classification or shelving scheme
Koha item type ATM
Holdings
Price effective from Date last seen Permanent Location Not for loan Date acquired Source of classification or shelving scheme Koha item type Barcode Lost status Damaged status Shelving location Withdrawn status Current Location Full call number
2015-12-082015-12-08Library Block B 2015-12-08 ATMRUA038965  B193 Library Block BATM SVA 2004 B193 Or.1
2015-12-082015-12-08Library Block B 2015-12-08 ATMRUA037976  B193 Library Block BATM SVA 2004 B193 Or.2
2015-12-082015-12-08Library Block B 2015-12-08 ATMRUA039026  B193 Library Block BATM SVA 2004 B193 Or.3
មជ្ឈមណ្ឌលឯការនៃសាកលវិទ្យាល័យភូមិន្ទកសិកម្មចំការដូង

Powered by Koha